000 00592cam a2200193 4500
008 240313t2009 000 0 eng u
020 _a9781847039415
041 0 _aeng
110 2 _aJoint Contracts Tribunal
_93664
240 0 0 _aDB
245 0 0 _aDB
_bDesign and Build Contract 2005, Revision 2009
250 _aRevision 2 2009
260 _aLondon
_bSweet and Maxwell Limited
_c2009
300 _aii, 112p
_c30cm.
650 2 4 _aJCT DESIGN AND BUILD SUBCONTRACT (2005 EDITION) (REVISION 2009)
651 4 _aUnited Kingdom
690 _aConstruction management
_96230
942 _n0
_2ddc
999 _c121838
_d121838